Quizzes
Events
Quiz Creation
Community
Videos
Private Events
Remove Ads
Sign In
Join for FREE
Feedback
Dark Mode
Quiz Categories
Sports
Geography
Music
Movies
Television
Just For Fun
Miscellaneous
History
Literature
Language
Science
Gaming
Entertainment
Religion
Holiday
For Kids
Quiz Lab
Recent
Popular Today
Quiz Kudos Today
Editor Picks
Curator Picks
Quizzes by...
Day
Popularity
Type
Ratings
Length
Year
Community
Subscriptions
Recent Discussions
Orange Saloon
Badges
Playlists
Quests
Create
Leaderboards
Showdown
Live 5
Trivia Bingo
Activity
Puzzle Library
Sporcle Events
Private Events
Virtual Trivia
Globe League
Become a Host
Pub Owners
SporcleCon
Opinionation
Our Games
Videos
Blog
Mobile Apps
Partnerships
Remove Ads and Go Orange
Feedback
Sports
Athletes
MLB
NBA
NHL
NFL
Soccer
Sports Teams
WWE
NCAA
Football
Premier League
Basketball
Baseball
Hockey
Golf
Tennis
Cricket
Rugby
Auto Racing
Olympics
World Cup
Sports
Athletes
MLB
NBA
NHL
NFL
Soccer
Sports Teams
WWE
NCAA
Football
Premier League
Basketball
Baseball
Hockey
Golf
Tennis
Cricket
Rugby
Auto Racing
Olympics
World Cup
Random Quiz
Search Sporcle
×
Quiz Lab
Quiz Lab
Sports
Cricket
Type in answers that appear in a list
Type in answers that appear in a list
Classic
Best Score? Go Orange.
New Zealand ODI Top Tens Stats
Can you name the New Zealand ODI Top Tens?
By
ateweston85
20m
194 Questions
1,284 Plays
1,284 Plays
1,284 Plays
Comments
Comments
Give Quiz Kudos
Give Quiz Kudos
-
- Ratings
hide this ad
More Info
Replay
Link that replays current quiz
Next Quiz
Link to next quiz in quiz playlist
You Got
0%
They Got
Avg Score
80%
Avg Friend Score
Upgrade to see
Score Distribution
Jump to the score distribution portion of the page
Score
0/194
Timer
20:00
0
Plays Today
% Correct
Martin Guptill & Brendon McCullum
99.2%
Brendon McCullum
99%
Brendon McCullum
99%
Brendon McCullum
99%
Brendon McCullum
99%
Brendon McCullum
99%
Brendon McCullum
99%
Brendon McCullum
99%
James Marshall & Brendon McCullum
98.9%
Nathan McCullum
98.7%
Martin Crowe & Stephen Fleming
98.4%
Brendon McCullum
98.2%
Stephen Fleming
98.1%
Stephen Fleming
98.1%
Stephen Fleming
98.1%
Stephen Fleming
98.1%
Stephen Fleming
98.1%
Ross Taylor & Kane Williamson
98.1%
Stephen Fleming & Nathan Astle
98.1%
Stephen Fleming
98.1%
Stephen Fleming
98.1%
Lou Vincent & Stephen Fleming
98.1%
Ross Taylor & Scott Styris
98.1%
Martin Guptill
97.2%
Martin Guptill
97.1%
Ross Taylor
97.1%
Ross Taylor
97.1%
Ross Taylor
97.1%
Ross Taylor
97.1%
Ross Taylor
97.1%
Ross Taylor
97.1%
Ross Taylor
97.1%
Daniel Vettori
97%
Daniel Vettori
97%
Daniel Vettori
97%
Daniel Vettori
97%
Daniel Vettori
97%
Daniel Vettori
97%
Daniel Vettori
97%
Daniel Vettori
97%
Nathan Astle
96.7%
Nathan Astle
96.7%
Nathan Astle
96.7%
Nathan Astle
96.7%
Nathan Astle
96.7%
Nathan Astle
96.7%
Nathan Astle
96.7%
Nathan Astle
96.7%
Nathan Astle & Roger Twose
96.4%
Martin Guptill
96%
Martin Crowe
94.3%
Martin Crowe
94.3%
Martin Crowe
94.3%
Martin Crowe
94.3%
Martin Crowe
94.3%
Martin Crowe
94.3%
Martin Crowe
94.3%
Martin Crowe
94.3%
Martin Guptill
94%
Kane Williamson
92.9%
Kane Williamson
92.4%
Chris Cairns
91.9%
Chris Cairns
91.9%
Chris Cairns
91.9%
Chris Cairns
91.9%
% Correct
Chris Cairns
91.9%
Chris Cairns
91.9%
Chris Cairns
91.9%
Chris Cairns
91.9%
Chris Cairns
91.9%
Shane Bond
91.7%
Shane Bond
91.7%
Shane Bond
91.7%
Shane Bond
91.7%
Shane Bond
91.7%
Shane Bond
91.7%
Shane Bond
91.7%
Shane Bond
91.7%
Shane Bond
91.7%
Shane Bond
91.7%
Lance Cairns
91.7%
Lance Cairns
91.7%
Lance Cairns
91.7%
Richard Hadlee
90.4%
Richard Hadlee
90.4%
Richard Hadlee
90.4%
Richard Hadlee
90.4%
Richard Hadlee
90.4%
Richard Hadlee
90.4%
Kane Williamson
90.3%
Scott Styris
89.3%
Scott Styris
89.3%
Scott Styris
89.3%
Scott Styris
89.3%
Scott Styris
89.3%
Scott Styris
89.3%
Scott Styris
89.3%
Scott Styris
89.3%
Scott Styris
89.3%
Scott Styris
89.3%
Tim Southee
86.1%
Tim Southee
86.1%
Tim Southee
86.1%
Adam Parore & Ken Rutherford
85.7%
Lou Vincent
85.5%
Lou Vincent
85.5%
Adam Parore
84.2%
Adam Parore
84.2%
Craig McMillan
82.6%
Craig McMillan
82.6%
Craig McMillan
82.6%
Craig McMillan
82.6%
James Marshall
82.3%
Lee Germon & Chris Harris
82.3%
Chris Harris
82.1%
Chris Harris
82.1%
Chris Harris
82.1%
Chris Harris
82.1%
Chris Harris
82.1%
Chris Harris
82.1%
Jacob Oram
81.9%
Jacob Oram
81.9%
Jacob Oram
81.9%
Jacob Oram
81.9%
Jacob Oram
81.9%
Jacob Oram
81.9%
Jacob Oram
81.9%
Ian Smith
78.5%
Ian Smith
78.5%
John Wright
75.3%
% Correct
John Wright
75.3%
John Wright
75.3%
John Wright
75.3%
John Wright
75.3%
John Wright
75.3%
Danny Morrison
74.8%
Danny Morrison
74.8%
Danny Morrison
74.8%
Danny Morrison
74.8%
Kyle Mills
74.6%
Kyle Mills
74.6%
Kyle Mills
74.6%
Kyle Mills
74.6%
Kyle Mills
74.6%
Glenn Turner
74.5%
Glenn Turner
74.5%
Glenn Turner
74.5%
Glenn Turner
74.5%
Glenn Turner
74.5%
Roger Twose
73.6%
Ken Rutherford
72%
Jesse Ryder
71.9%
Jesse Ryder
71.9%
Lee Germon
68.1%
Lee Germon
68.1%
Daryl Tuffey
59.9%
James Franklin
59.9%
Andrew Jones
59.6%
Andrew Jones
59.6%
Andrew Jones
59.6%
Rod Latham
58.3%
Ewen Chatfield
55.3%
Ewen Chatfield
55.3%
Ewen Chatfield
55.3%
Ewen Chatfield
55.3%
Ewen Chatfield
55.3%
Jeremy Coney
54.8%
Geoff Allott
51.9%
Andre Adams
51%
Andre Adams
51%
Peter Fulton
45.2%
Bruce Edgar
45.2%
Chris Pringle
45.2%
Chris Pringle
45.2%
Chris Pringle
45.2%
Chris Pringle
45.2%
Chris Pringle
45.2%
Geoff Howarth
44.9%
Rob Nicol
41.7%
Martin Snedden
41.2%
Martin Snedden
41.2%
Martin Snedden
41.2%
Matthew Hart
39.8%
Matthew Hart
39.8%
Shayne O'Connor
38.9%
Richard Collinge
38.2%
Richard Collinge
38.2%
Warren Lees
36.1%
Gareth Hopkins
34.9%
Willie Watson
33.7%
Kenneth Wadsworth
33.6%
Chris Nevin
28.8%
Tony Blain
28.7%
Ervin McSweeney
26.4%
Quiz Playlist
Details
Report
Send in Message
Add To Playlist
More Info:
Name the players who make up the top tens from various New Zealand ODI cricket records
Classic:
Type in answers that appear in a list
Quiz Source
Last Updated: Feb 16, 2017
Quiz Scoreboard
CHALLENGE
Sign Up to Join the Scoreboard
Show All
Scores
Hide
Comments
May contain spoilers
Recently Published
Movies - When Are They Set?
by FPL_Elf
Movies
5m
Popular People in 1961
by mucciniale
History
6m
1-10 Letter E Words III
by El_Dandy
Language
2m
More to Explore
Quiz From the Vault
Featured Blog Post
Where Did the Easter Bunny Come From?
hide this ad
You Might Also Like...
Tags
Cricket Quiz
New Zealand
New Zealanders
odi
ODI Batsmen
ODI Bowlers
ODI Caps
ODI Cricket
ODI Players
Today's Top Quizzes in Sports
Browse Sports
hide this ad
Today's Top Quizzes in Cricket
Browse Cricket
Top Contributed Quizzes in Sports
1
Les meilleurs buteurs des matchs entre le PSG et l’OM
2
Les entraîneurs de l'OM et du PSG au 21e siècle
3
FIFA Club World Cup Champions
4
2022 World Cup Stars
5
Name the Premier League winners with different clubs
6
La finale Lions - Afrique du Sud 2021
7
Criteria MLB: Left Handed Sluggers
8
Players with Multiple 50 Home Run Seasons
9
MLB Players with Two .350 Batting Average Seasons
10
MLB Hall of Famer by Rings
Explore More
Trending Topics
Harry Potter
Crossword
NBA
Marvel
Disney
Kpop
Anime
Soccer
Song
Puzzle
Pokémon
WWE
The Office
NFL
Country
hide this ad
More By:
ateweston85
Quiz
Plays
Rating
Category
Featured
Created
Premier League Hattricks
8,621
4.86
Sports
Nov 22, 2012
Player and Manager in Premier League
5,752
4.55
Sports
Oct 27, 2012
WhatCulture Top 100 WWE Matches
5,600
4.18
Sports
Nov 4, 2016
Serie A Champions XI
4,819
4.47
Sports
Feb 26, 2013
England Test Cricket Records
4,633
4.78
Sports
Jul 3, 2012
Go to Creator's Profile
Score Distribution
Quiz Creator Spotlight
ateweston85
Follow
Send a Message
Quizzes Created
-
Created Quiz Play Count
-
More By This Creator
Popular Quizzes Today
1
Find the US States - No Outlines Minefield
2
Find the Countries of Europe - No Outlines Minefield
3
The Countries of the World
4
Popular People in 1961
5
1-10 Letter E Words III
6
US States
7
Find the US States
8
One Thing in Common: World Cities II
More Sports Quizzes
NFL Top 5 Receivers
Published
Trending Quizzes
Risky Map Clicking: Least Populous States A-Z
1-10 Letter F Words
1-10 Letter G Words
One Thing in Common: United Kingdom
Risky Map Clicking: Next State Alphabetically
Recently Updated
Leaping Animals
pecheneg
Reality TV Shows (A-Z)
bhenderson79
Rickey Henderson's Hall of Fame Teammates
pecheneg
Champions League XIs: Arsenal
pecheneg
Quick Pick: Celebrities in WWE's Hall of Fame
aduchscher
A-Z Keypad Blitz II
pecheneg
Multiple Oscar Actors
pecheneg
Mystery Phrase Blitz: Oscar 'Best Actors'
pecheneg
F. Scott Fitzgerald Novels
LTH
Pick 3 Villains
ddd62291
Trending Topics
Crossword
Disney
Kpop
Anime
Harry Potter
Marvel
NBA
The Office
NFL
Puzzle
Pokémon
WWE
Soccer
Country
Song
Your Account Isn't Verified!
In order to create a playlist on Sporcle, you need to verify the email address you used during registration. Go to your
Sporcle Settings
to finish the process.
Report this User
Report this user for behavior that violates our
Community Guidelines
.
Details:
Send Report
Go to the Sporcle.com Mobile Site →
Comments